| 000 | 00000nam 2200000zi 4500 |
| 001 | 9.946004 |
| 003 | CaOODSP |
| 005 | 20241210111853 |
| 006 | m o d f |
| 007 | cr |n||||||||| |
| 008 | 241210t19771977onca obi f|0| 0 eng d |
| 040 | |aCaOODSP|beng|erda|cCaOODSP |
| 043 | |an-cn--- |
| 086 | 1 |aNR24-29/1977E-PDF |
| 245 | 00|aCanadian Plumbing Code 1977. |
| 250 | |aThird edition 1977. |
| 264 | 1|aOttawa : |bAssociate Committee on the National Building Code, National Research Council of Canada, |c1977. |
| 264 | 4|c©1977 |
| 300 | |a1 online resource (vii, 108 pages) : |billustrations |
| 336 | |atext|btxt|2rdacontent |
| 337 | |acomputer|bc|2rdamedia |
| 338 | |aonline resource|bcr|2rdacarrier |
| 500 | |aIssued also in French under title: Code canadien de la plomberie 1977. |
| 500 | |aDigitized edition from print [produced by National Research Council of Canada]. |
| 500 | |a"NRCC No. 15561." |
| 504 | |aIncludes bibliographical references and index. |
| 650 | 0|aPlumbing|xLaw and legislation|zCanada. |
| 650 | 0|aPlumbing|xStandards|zCanada. |
| 710 | 2 |aNational Research Council of Canada. |bAssociate Committee on the National Building Code, |eissuing body. |
| 775 | 08|tCode canadien de la plomberie 1977.|w(CaOODSP)9.946005 |
| 794 | |tCanadian Plumbing Code 1980.|b1980 edition|w(CaOODSP)9.946009 |
| 795 | |tCanadian Plumbing Code 1975.|b1975 edition|w(CaOODSP)9.945999 |
| 856 | 40|qPDF|s3.99 MB|uhttps://publications.gc.ca/collections/collection_2024/cnrc-nrc/NR24-29-1977-eng.pdf |